000 00418nam a2200181Ia 4500
001 15347
005 20260306170149.0
008 260306t2014||||xx |||||||||||||| ||und||
041 _aESP
082 _a532
_bS741
100 _aShames, Irving H.
_eAUT
245 0 _aMechanics of fluids
260 _c2014
300 _axix, 858 páginas :
_c24 cm.
650 _aGEN
654 _aCCN
942 _cLIB
_dJUS
_fJUS
_2ddc
_n
999 _c15347
_d15347